000 01810cam a2200373 a 4500
999 _c234642
_d234642
001 14187051
003 Nust
005 20170329100404.0
008 051202r20062005nyuab 000 1 eng
010 _a 2005057175
020 _a9780349119700
035 _a(OCoLC)ocm62533973
040 _aDLC
_cDLC
_dIG#
_dBAKER
_dZJC
_dRLS
_dNPL
_dDLC
043 _ae-uk-st
050 0 0 _aPR6063.C326
_bE87 2006
082 0 0 _a823.917
_bSMI
100 1 _aMcCall Smith, Alexander,
_d1948-
245 1 0 _aEspresso tales /
_cAlexander McCall Smith ; illustrations by Iain McIntosh.
250 _a1st Anchor Books ed.
260 _aNew York :
_bAnchor Books,
_c2006.
300 _avi, 342 p. :
_bill., map ;
_c21 cm.
500 _aOriginally published: Edinburgh : Polygon, 2005.
500 _a"This book is excerpted from a series that originally appeared in The Scotsman newspaper"--T.p. verso.
500 _a"The new 44 Scotland Street novel"--Cover.
650 0 _aRoommates
_vFiction.
650 0 _aApartment houses
_vFiction.
650 0 _aHumorous stories, English.
651 0 _aEdinburgh (Scotland)
_xSocial life and customs
_vFiction.
700 1 _aMcIntosh, Iain.
856 4 2 _3Contributor biographical information
_uhttp://www.loc.gov/catdir/enhancements/fy0626/2005057175-b.html
856 4 2 _3Publisher description
_uhttp://www.loc.gov/catdir/enhancements/fy0626/2005057175-d.html
856 4 1 _3Sample text
_uhttp://www.loc.gov/catdir/enhancements/fy0661/2005057175-s.html
906 _a7
_bcbc
_corignew
_d1
_eocip
_f20
_gy-gencatlg
942 _2ddc
_cBK